[Event "Portugal Open 2018"]
[Site "Lisboa POR"]
[Date "2018.02.04"]
[Round "3.12"]
[White "Repka, Christopher"]
[Black "Alshameary Puente, Ismael"]
[Result "1/2-1/2"]
[WhiteElo "2513"]
[BlackElo "2339"]
[WhiteFideId "14918781"]
[BlackFideId "2225166"]
[WhiteTitle "IM"]
[BlackTitle "FM"]
[WhiteCountry "SVK"]
[BlackCountry "ESP"]
[PlyCount "150"]

1. d4 Nf6 2. c4 g6 3. Nc3 d5 4. Qb3 dxc4 5. Qxc4 Be6 6. Qb5+ Bd7 7. Qxb7 Nc6 8.
Bf4 Rb8 9. Qxc7 Qxc7 10. Bxc7 Rxb2 11. Rc1 Nxd4 12. e3 Nc2+ 13. Kd1 Ng4 14. Bg3
Na3 15. Be2 Bg7 16. Nd5 O-O 17. h3 Nf6 18. Nxe7+ Kh8 19. Bf3 Nc2 20. Ne2 Ba4 21.
Nc3 Rd8+ 22. Ke2 Nd4+ 23. Kf1 Nxf3 24. gxf3 Be8 25. Be5 Nh5 26. Bxg7+ Kxg7 27.
Kg2 Rdd2 28. Ne4 Rd7 29. Nc8 f5 30. Ned6 Bf7 31. Nxf7 Kxf7 32. Rhd1 Ke8 33. Nd6+
Ke7 34. Nc8+ Ke8 35. a4 Ra2 36. Rxd7 Kxd7 37. Rc4 a5 38. Nb6+ Kd6 39. Rd4+ Kc6
40. Nd7 Kc7 41. Nf8 Nf6 42. Rh4 Kd6 43. Nxh7 Nd5 44. Kg3 f4+ 45. exf4 Ne7 46.
Rg4 Nf5+ 47. Kh2 Rxf2+ 48. Kg1 Rxf3 49. Kg2 Ra3 50. Rxg6+ Ke7 51. Ra6 Rxa4 52.
Nf6 Ra3 53. Nd5+ Kd7 54. Nb6+ Ke7 55. Nc4 Rg3+ 56. Kh2 Rf3 57. Ne5 Rf2+ 58. Kg1
Rb2 59. Rxa5 Nd4 60. Kf1 Rh2 61. Rd5 Nf5 62. Ng4 Ng3+ 63. Kg1 Ra2 64. f5 Ne2+
65. Kf1 Ng3+ 66. Ke1 Nh5 67. Rb5 Ra3 68. Re5+ Kf7 69. h4 Rh3 70. Re4 Nf6 71.
Ne5+ Kg7 72. Re2 Rxh4 73. Rg2+ Kh7 74. Ng6 Rg4 75. Re2 Re4 1/2-1/2

[Event "Portugal Open 2018"]
[Site "Lisboa POR"]
[Date "2018.02.04"]
[Round "3.13"]
[White "Kerigan, Demre"]
[Black "Kanarek, Marcel"]
[Result "0-1"]
[WhiteElo "2350"]
[BlackElo "2512"]
[WhiteFideId "6307841"]
[BlackFideId "1126822"]
[WhiteTitle "IM"]
[BlackTitle "GM"]
[WhiteCountry "TUR"]
[BlackCountry "POL"]
[PlyCount "126"]

1. e4 c5 2. Nf3 e6 3. d4 cxd4 4. Nxd4 Nf6 5. Bd3 Nc6 6. Nxc6 dxc6 7. O-O e5 8.
Nd2 Be6 9. Qe2 Be7 10. Nc4 Nd7 11. Ne3 b5 12. a4 a6 13. axb5 axb5 14. Rxa8 Qxa8
15. f4 exf4 16. Nf5 Bc5+ 17. Kh1 O-O 18. e5 g6 19. Nh6+ Kg7 20. Bxf4 Qb8 21. Ng4
Bxg4 22. Qxg4 Nxe5 23. Qh4 Re8 24. Bh6+ Kg8 25. Qf6 Bf8 26. Bf4 Qc7 27. Bg3 Bg7
28. Qg5 Qd7 29. Be2 f5 30. Rd1 Qe6 31. Re1 Nf7 32. Qd2 Bh6 33. Qb4 Bf8 34. Qc3
Bg7 35. Qb4 Qf6 36. Bf3 Rxe1+ 37. Qxe1 Bf8 38. Qc3 Qxc3 39. bxc3 c5 40. Bc6 b4
41. cxb4 cxb4 42. Bd5 Bc5 43. Bf4 Kg7 44. g3 Bd4 45. Kg2 Bc3 46. Kf1 Kf6 47. Ke2
Nd8 48. Kd3 g5 49. Bd6 Nf7 50. Bc7 h5 51. Kc4 Ne5+ 52. Bxe5+ Kxe5 53. Bb7 g4 54.
Kd3 Bd4 55. Ke2 Bg1 56. Kf1 Bxh2 57. Kg2 Bxg3 58. Kxg3 f4+ 59. Kh4 f3 60. Kg3
Kf5 61. Kh4 Kf4 62. Bc6 g3 63. Kh3 h4 0-1

[Event "Portugal Open 2018"]
[Site "Lisboa POR"]
[Date "2018.02.04"]
[Round "3.14"]
[White "Martín Duque, Jesus"]
[Black "Gabrielian, Artur"]
[Result "0-1"]
[WhiteElo "2346"]
[BlackElo "2502"]
[WhiteFideId "2208954"]
[BlackFideId "4131002"]
[WhiteTitle "FM"]
[BlackTitle "GM"]
[WhiteCountry "ESP"]
[BlackCountry "RUS"]
[PlyCount "50"]

1. e4 c5 2. Nf3 Nc6 3. d4 cxd4 4. Nxd4 Nf6 5. Nc3 d6 6. Bg5 e6 7. Qd2 a6 8.
O-O-O Bd7 9. f4 Be7 10. Nf3 b5 11. e5 b4 12. exf6 bxc3 13. Qxc3 gxf6 14. Bh4 d5
15. a3 Rc8 16. Qe3 Qa5 17. Bd3 Qa4 18. g3 d4 19. Qf2 Rb8 20. b3 Qa5 21. Kb1 Qxa3
22. Nxd4 Bb4 23. Ne2 Bc5 24. Qg2 Nb4 25. Nc1 Bd4 0-1

[Event "Portugal Open 2018"]
[Site "Lisboa POR"]
[Date "2018.02.04"]
[Round "3.15"]
[White "Diermair, Andreas"]
[Black "Boricsev, Oleg"]
[Result "1-0"]
[WhiteElo "2495"]
[BlackElo "2328"]
[WhiteFideId "1612468"]
[BlackFideId "720500"]
[WhiteTitle "IM"]
[BlackTitle "IM"]
[WhiteCountry "AUT"]
[BlackCountry "HUN"]
[PlyCount "87"]

1. d4 f5 2. Nc3 Nf6 3. Bg5 d5 4. Bxf6 exf6 5. e3 c6 6. Bd3 Bd6 7. Qf3 g6 8. h3
Na6 9. a3 Be6 10. g4 Qd7 11. gxf5 Bxf5 12. Bxf5 Qxf5 13. Qxf5 gxf5 14. f4 Kf7
15. Nf3 Rhg8 16. Kf2 Ke6 17. Nh4 Rac8 18. Ne2 c5 19. Rhg1 Nb8 20. Rxg8 Rxg8 21.
dxc5 Bxc5 22. Nd4+ Kd7 23. Nhxf5 Nc6 24. Rd1 Nxd4 25. exd4 Bd6 26. Kf3 b5 27.
Re1 a5 28. Nxd6 Kxd6 29. f5 Rc8 30. c3 b4 31. cxb4 axb4 32. axb4 Rc4 33. Re6+
Kd7 34. Ke3 Rxb4 35. Rxf6 h5 36. Rh6 Rxb2 37. Rxh5 Rb1 38. Kf4 Re1 39. Rh7+ Kd6
40. Rh6+ Kd7 41. Re6 Rh1 42. Re3 Kd6 43. f6 Rf1+ 44. Rf3 1-0

[Event "Portugal Open 2018"]
[Site "Lisboa POR"]
[Date "2018.02.04"]
[Round "3.16"]
[White "Anurag, Mhamal"]
[Black "Colijn, Stefan"]
[Result "1/2-1/2"]
[WhiteElo "2476"]
[BlackElo "2311"]
[WhiteFideId "5024366"]
[BlackFideId "1016199"]
[WhiteTitle "GM"]
[BlackTitle "FM"]
[WhiteCountry "IND"]
[BlackCountry "NED"]
[PlyCount "73"]

1. Nf3 Nf6 2. g3 d5 3. Bg2 e6 4. c4 Be7 5. O-O O-O 6. b3 d4 7. Bb2 Nc6 8. Na3 e5
9. Nc2 a5 10. d3 Nd7 11. e3 dxe3 12. Nxe3 Bc5 13. d4 Nxd4 14. Nxd4 exd4 15. Bxd4
c6 16. Nf5 Qg5 17. Bh3 g6 18. Be3 Bxe3 19. Nxe3 Nc5 20. Bg2 Re8 21. Re1 Rd8 22.
Qc2 Qf6 23. Rad1 Be6 24. a3 a4 25. b4 Nb3 26. c5 Rxd1 27. Rxd1 Rd8 28. Rxd8+
Qxd8 29. Qd1 Qf6 30. h4 h5 31. b5 cxb5 32. Bxb7 Nxc5 33. Bc6 Bb3 34. Nd5 Qe5 35.
Qf3 Kg7 36. Qc3 Qxc3 37. Nxc3 1/2-1/2

[Event "Portugal Open 2018"]
[Site "Lisboa POR"]
[Date "2018.02.04"]
[Round "3.17"]
[White "To, Nhat Minh"]
[Black "Nagy, Gabor"]
[Result "1-0"]
[WhiteElo "2338"]
[BlackElo "2469"]
[WhiteFideId "729019"]
[BlackFideId "737119"]
[WhiteTitle "IM"]
[BlackTitle "IM"]
[WhiteCountry "HUN"]
[BlackCountry "HUN"]
[PlyCount "83"]

1. Nf3 c5 2. c4 Nf6 3. Nc3 Nc6 4. g3 d5 5. d4 cxd4 6. Nxd4 e5 7. Nxc6 bxc6 8.
cxd5 cxd5 9. Bg2 Rb8 10. O-O d4 11. Ne4 Nxe4 12. Bxe4 f5 13. Bd3 Qd5 14. f3 Be6
15. Bd2 Qd7 16. a4 Kf7 17. Bb5 Qb7 18. Rc1 Be7 19. f4 e4 20. Ba5 Bd8 21. b4 Bxa5
22. bxa5 Rhd8 23. a6 Qe7 24. Qd2 h5 25. Qb2 h4 26. Rfd1 hxg3 27. hxg3 Qf6 28.
Rc7+ Kg8 29. Qb4 Qg6 30. Kg2 d3 31. Qe7 e3 32. Bxd3 Bd5+ 33. Kh2 Rd6 34. Qh4
Rbd8 35. Bb5 Bb3 36. Rxd6 Qxd6 37. Rxa7 Qd4 38. Re7 Bf7 39. a7 Ra8 40. Rd7 Qb6
41. Qe7 Qh6+ 42. Kg2 1-0

[Event "Portugal Open 2018"]
[Site "Lisboa POR"]
[Date "2018.02.04"]
[Round "3.18"]
[White "Kaczúr, Flórián"]
[Black "Terbe, Julianna"]
[Result "1-0"]
[WhiteElo "2459"]
[BlackElo "2292"]
[WhiteFideId "705098"]
[BlackFideId "708780"]
[WhiteTitle "IM"]
[BlackTitle "WIM"]
[WhiteCountry "HUN"]
[BlackCountry "HUN"]
[PlyCount "37"]

1. e4 c5 2. Nf3 Nc6 3. Bb5 Qc7 4. O-O a6 5. Bxc6 dxc6 6. a4 a5 7. Na3 e5 8. Nc4
f6 9. Nh4 Ne7 10. d3 Be6 11. f4 O-O-O 12. fxe5 fxe5 13. Qh5 Bxc4 14. dxc4 g6 15.
Qe2 Kb8 16. Rf7 Qd6 17. Bg5 h6 18. Bf6 Qd4+ 19. Kh1 1-0

[Event "Portugal Open 2018"]
[Site "Lisboa POR"]
[Date "2018.02.04"]
[Round "3.19"]
[White "Veiga, Francisco"]
[Black "Nayhebaver, Martin"]
[Result "0-1"]
[WhiteElo "2320"]
[BlackElo "2456"]
[WhiteFideId "1930087"]
[BlackFideId "14923432"]
[WhiteTitle "FM"]
[BlackTitle "IM"]
[WhiteCountry "POR"]
[BlackCountry "SVK"]
[PlyCount "92"]

1. e4 c5 2. Nf3 d6 3. d4 cxd4 4. Nxd4 Nf6 5. Nc3 a6 6. Be3 e5 7. Nb3 Be7 8. f3
Be6 9. Qd2 O-O 10. O-O-O Nbd7 11. g4 b5 12. g5 Nh5 13. Rg1 Nb6 14. Qf2 Nc4 15.
Bxc4 bxc4 16. Nc5 Qc7 17. N5a4 Rab8 18. Nb6 Nf4 19. Ncd5 Bxd5 20. Nxd5 Nxd5 21.
Rxd5 f5 22. gxf6 Rxf6 23. f4 Qb7 24. c3 exf4 25. Ba7 Rbf8 26. Bd4 R6f7 27. Qf3
Rb8 28. Rg2 Bf8 29. Rdg5 Re8 30. Re2 Rfe7 31. Rd5 Rxe4 32. Rxe4 Qxd5 33. Rxf4
Qxf3 34. Rxf3 Re2 35. Rf2 Rxf2 36. Bxf2 Kf7 37. b4 cxb3 38. axb3 d5 39. Bg3 Ke6
40. Kd2 Bd6 41. Kd3 g5 42. Kd4 Bxg3 43. hxg3 h5 44. Ke3 Ke5 45. Kf3 d4 46. c4 h4
0-1

[Event "Portugal Open 2018"]
[Site "Lisboa POR"]
[Date "2018.02.04"]
[Round "3.20"]
[White "Risting, Eivind Olav"]
[Black "Savanovic, Aleksandar"]
[Result "0-1"]
[WhiteElo "2308"]
[BlackElo "2448"]
[WhiteFideId "1517333"]
[BlackFideId "914932"]
[WhiteTitle "FM"]
[BlackTitle "IM"]
[WhiteCountry "NOR"]
[BlackCountry "BIH"]
[PlyCount "106"]

1. e4 e5 2. Nf3 Nc6 3. Bb5 a6 4. Ba4 Nf6 5. O-O Be7 6. Re1 d6 7. c3 Bg4 8. d3
Nd7 9. h3 Bxf3 10. Qxf3 Nc5 11. Bc2 Bg5 12. Nd2 g6 13. Nf1 O-O 14. Be3 Ne6 15.
Rad1 Bxe3 16. Nxe3 Kg7 17. Rd2 h5 18. Red1 Nf4 19. d4 Qf6 20. Kh2 h4 21. Qg4 Rh8
22. Kg1 Rae8 23. Nf5+ Kf8 24. dxe5 Qxe5 25. Ne3 Qf6 26. Nd5 Nxd5 27. exd5 Ne5
28. Qd4 Kg7 29. f4 Nd7 30. Be4 Re7 31. Bf3 Rhe8 32. b3 Re3 33. c4 a5 34. Kf2 Nc5
35. Qxf6+ Kxf6 36. Rd4 Rc3 37. R1d2 Ree3 38. Rd1 Red3 39. R4xd3 Nxd3+ 40. Rxd3
Rxd3 41. Ke2 Rc3 42. Kd2 Rxf3 43. gxf3 Kf5 44. Ke3 c5 45. dxc6 bxc6 46. c5 dxc5
47. a3 c4 48. b4 axb4 49. axb4 c3 50. Kd3 Kxf4 51. Kxc3 Kg3 52. Kc4 Kxh3 53. Kc5
Kg2 0-1

[Event "Portugal Open 2018"]
[Site "Lisboa POR"]
[Date "2018.02.04"]
[Round "3.21"]
[White "Venkatesh, M.R."]
[Black "Silva, David"]
[Result "1-0"]
[WhiteElo "2445"]
[BlackElo "2283"]
[WhiteFideId "5005779"]
[BlackFideId "10101314"]
[WhiteTitle "GM"]
[BlackTitle "IM"]
[WhiteCountry "IND"]
[BlackCountry "ANG"]
[PlyCount "118"]

1. e4 e5 2. Nf3 Nc6 3. d4 exd4 4. Nxd4 Nf6 5. Nxc6 bxc6 6. e5 Qe7 7. Qe2 Nd5 8.
c4 Nb6 9. Nc3 Qe6 10. Qe4 g6 11. Bd3 Bg7 12. f4 O-O 13. O-O d6 14. Qxc6 dxe5 15.
Qxc7 f5 16. c5 Rf7 17. Qd8+ Rf8 18. Qh4 e4 19. Bc2 Bd4+ 20. Kh1 Ba6 21. Bb3 Nc4
22. Rd1 Bxc5 23. Na4 Be7 24. Qf2 Rfd8 25. Be3 Rd3 26. Rxd3 exd3 27. Re1 Qd7 28.
h3 Bb4 29. Nc5 Bxc5 30. Bxc5 d2 31. Rd1 Rd8 32. Bxa7 Qd3 33. Bb6 Rd5 34. Bc7 Bb7
35. Be5 Rd7 36. Kg1 Bd5 37. Bc3 Ne3 38. Qxd2 Qe4 39. Re1 Bxb3 40. Qxe3 Qxe3+ 41.
Rxe3 Bxa2 42. Kf2 Bd5 43. Re8+ Kf7 44. Rh8 Ke6 45. g4 Be4 46. g5 Rb7 47. h4 Rd7
48. Ke3 Rd3+ 49. Ke2 Rd7 50. Be5 Kd5 51. Rc8 Rb7 52. Kd2 Ke6 53. Kc3 Rd7 54.
Re8+ Kf7 55. Rh8 Ke6 56. b4 Rb7 57. Kc4 Bf3 58. Kc5 Be2 59. Rf8 Bb5 1-0

[Event "Portugal Open 2018"]
[Site "Lisboa POR"]
[Date "2018.02.04"]
[Round "3.22"]
[White "Sterck, Arno"]
[Black "Dâmaso, Rui"]
[Result "1-0"]
[WhiteElo "2295"]
[BlackElo "2445"]
[WhiteFideId "228249"]
[BlackFideId "1900030"]
[WhiteTitle "FM"]
[BlackTitle "IM"]
[WhiteCountry "BEL"]
[BlackCountry "POR"]
[PlyCount "59"]

1. Nf3 Nf6 2. e3 d6 3. d4 Nbd7 4. c4 e5 5. Nc3 c6 6. Qc2 Be7 7. Be2 O-O 8. O-O
Re8 9. Re1 a6 10. a4 Bf8 11. a5 e4 12. Nd2 d5 13. f3 exf3 14. Bxf3 c5 15. Rf1
Rxe3 16. Nxd5 Nxd5 17. Bxd5 Nf6 18. Nf3 Nxd5 19. cxd5 cxd4 20. Bxe3 dxe3 21.
Rad1 Bd7 22. Rfe1 Rc8 23. Qe4 Bc5 24. Nd4 Ba4 25. Rc1 e2 26. Kh1 Bb4 27. Rxc8
Qxc8 28. Nf5 Bc2 29. Ne7+ Kf8 30. Qxb4 1-0

[Event "Portugal Open 2018"]
[Site "Lisboa POR"]
[Date "2018.02.04"]
[Round "3.23"]
[White "Fernandes, António"]
[Black "Hasman, Cengiz"]
[Result "1/2-1/2"]
[WhiteElo "2443"]
[BlackElo "2161"]
[WhiteFideId "1900021"]
[BlackFideId "413364"]
[WhiteTitle "GM"]
[WhiteCountry "POR"]
[PlyCount "134"]

1. d4 d6 2. e4 Nf6 3. Nc3 Nbd7 4. Nge2 e5 5. g3 b5 6. Bg2 Bb7 7. Nxb5 Nxe4 8.
O-O a6 9. Nbc3 Nxc3 10. Nxc3 Bxg2 11. Kxg2 Be7 12. Nd5 O-O 13. b3 exd4 14. Qxd4
Bf6 15. Nxf6+ Qxf6 16. Qxf6 Nxf6 17. Bb2 Nd7 18. Rad1 Rfe8 19. Rfe1 f6 20. Rxe8+
Rxe8 21. Rd4 Re2 22. Rc4 c5 23. Kf1 Re8 24. Ra4 Ra8 25. Ke2 Kf7 26. Kd3 Nb6 27.
Ra5 Ke6 28. a3 Kd5 29. Bc1 Kc6 30. Be3 Nd5 31. Ra4 Nxe3 32. fxe3 f5 33. e4 fxe4+
34. Rxe4 Ra7 35. Ra4 Kb6 36. Rh4 g6 37. Rf4 Kc6 38. Rf8 Re7 39. Ra8 Kb7 40. Rd8
Kc7 41. Ra8 Kb7 42. Rh8 Kc6 43. c4 Rf7 44. Ke4 Rb7 45. b4 cxb4 46. axb4 Rxb4 47.
Rxh7 Rxc4+ 48. Kd3 Ra4 49. Rg7 Ra2 50. Rxg6 Rxh2 51. Rg5 Ra2 52. Kc4 Ra4+ 53.
Kc3 Ra3+ 54. Kc4 Ra4+ 55. Kc3 Ra3+ 56. Kc4 a5 57. g4 Ra1 58. Rg8 d5+ 59. Kc3
Rc1+ 60. Kd3 Rd1+ 61. Kc3 Rg1 62. g5 Kc5 63. Rc8+ Kd6 64. Rd8+ Kc5 65. Rc8+ Kd6
66. Rd8+ Kc5 67. Rc8+ Kd6 1/2-1/2

[Event "Portugal Open 2018"]
[Site "Lisboa POR"]
[Date "2018.02.04"]
[Round "3.24"]
[White "Rego, Pedro"]
[Black "Gomez Ledo, Roberto Carlos"]
[Result "0-1"]
[WhiteElo "2292"]
[BlackElo "2442"]
[WhiteFideId "1904310"]
[BlackFideId "3507076"]
[WhiteTitle "CM"]
[BlackTitle "IM"]
[WhiteCountry "POR"]
[BlackCountry "CUB"]
[PlyCount "48"]

1. d4 Nf6 2. Bf4 d5 3. e3 c5 4. c3 Nc6 5. Nd2 e6 6. Ngf3 cxd4 7. exd4 Nh5 8. Be3
Bd6 9. Ne5 g6 10. Ndf3 f6 11. g4 Ng7 12. Nxc6 bxc6 13. Bh6 Qe7 14. Be2 Rb8 15.
Qc2 e5 16. h3 O-O 17. b3 e4 18. Nh4 f5 19. g5 f4 20. Bg4 f3 21. Rg1 Bh2 22.
O-O-O Bxg1 23. Rxg1 Bxg4 24. hxg4 Qd6 0-1

[Event "Portugal Open 2018"]
[Site "Lisboa POR"]
[Date "2018.02.04"]
[Round "3.25"]
[White "Fröwis, Georg"]
[Black "Hill, Alistair"]
[Result "1/2-1/2"]
[WhiteElo "2428"]
[BlackElo "2159"]
[WhiteFideId "1618423"]
[BlackFideId "432407"]
[WhiteTitle "IM"]
[WhiteCountry "AUT"]
[BlackCountry "ENG"]
[PlyCount "123"]

1. b3 e5 2. Bb2 Nc6 3. e3 Nf6 4. c4 d6 5. Nc3 g6 6. Nf3 Bg7 7. d4 O-O 8. Be2 Re8
9. dxe5 Nxe5 10. O-O Bf5 11. Nd4 Bd7 12. Qd2 Bg4 13. Rad1 Nc6 14. Nf3 Ne4 15.
Nxe4 Rxe4 16. Bxg7 Kxg7 17. h3 Bxf3 18. Bxf3 Re5 19. b4 Qf6 20. a3 a6 21. Qc2 a5
22. Qa4 Ra7 23. Bxc6 bxc6 24. Qxc6 Rf5 25. b5 Rc5 26. Qe4 c6 27. a4 d5 28. Qe8
Rxc4 29. bxc6 Re7 30. Qd8 Re5 31. Rxd5 Rxd5 32. Qxd5 Qxc6 33. Qxc6 Rxc6 34. Rd1
Rc5 35. Kf1 Kf6 36. Rd6+ Ke5 37. Rd4 Rc2 38. f4+ Ke6 39. Kg1 Ra2 40. Kh2 Re2 41.
Re4+ Kd6 42. Re5 f6 43. Rxa5 Rxe3 44. Ra6+ Ke7 45. Ra7+ Ke6 46. Ra5 h5 47. g3
Re2+ 48. Kg1 Ra2 49. g4 hxg4 50. hxg4 Ke7 51. Ra6 Kf7 52. Kf1 Ke7 53. Ra8 Ke6
54. Ra5 Kf7 55. Ra6 Ke7 56. g5 fxg5 57. fxg5 Kf7 58. a5 Ra4 59. Rf6+ Kg7 60. Ra6
Kf7 61. Ra8 Ke6 62. Rf8 1/2-1/2

[Event "Portugal Open 2018"]
[Site "Lisboa POR"]
[Date "2018.02.04"]
[Round "3.26"]
[White "Balbuena Fuentes, Mario"]
[Black "Campora, Daniel"]
[Result "1/2-1/2"]
[WhiteElo "2282"]
[BlackElo "2426"]
[WhiteFideId "32017880"]
[BlackFideId "100013"]
[WhiteTitle "FM"]
[BlackTitle "GM"]
[WhiteCountry "ESP"]
[BlackCountry "ARG"]
[PlyCount "74"]

1. e4 e5 2. Nf3 Nc6 3. Bb5 a6 4. Ba4 Nf6 5. O-O Be7 6. Bxc6 dxc6 7. Qe1 Nd7 8.
b3 c5 9. Bb2 Bd6 10. d3 O-O 11. a4 Re8 12. Nbd2 Nb8 13. Nc4 Nc6 14. Nfd2 Nd4 15.
Nxd6 cxd6 16. Bxd4 exd4 17. a5 d5 18. Qd1 Be6 19. Re1 Qg5 20. Nf3 Qh5 21. Qd2
Bg4 22. Qf4 dxe4 23. Rxe4 Bxf3 24. gxf3 f5 25. Ree1 h6 26. Kg2 Kh7 27. Re5 Rxe5
28. Qxe5 Rc8 29. Rg1 Rc6 30. Kf1 Qf7 31. Kg2 Qd7 32. Re1 Qf7 33. Rg1 Qe6 34. Re1
Qd7 35. Kh1 Qf7 36. Rg1 Qd7 37. Re1 Rf6 1/2-1/2

[Event "Portugal Open 2018"]
[Site "Lisboa POR"]
[Date "2018.02.04"]
[Round "3.27"]
[White "Korneev, Oleg"]
[Black "Terryn, Ezra"]
[Result "1-0"]
[WhiteElo "2554"]
[BlackElo "1993"]
[WhiteFideId "4156803"]
[BlackFideId "233196"]
[WhiteTitle "GM"]
[WhiteCountry "ESP"]
[BlackCountry "BEL"]
[PlyCount "67"]

1. e4 c5 2. Nf3 e6 3. c3 Nf6 4. e5 Nd5 5. d4 cxd4 6. cxd4 Nc6 7. Nc3 Nxc3 8.
bxc3 d6 9. exd6 Bxd6 10. Bd3 Bd7 11. O-O Ne7 12. Qe2 Ng6 13. g3 O-O 14. h4 Qa5
15. Ng5 Bc6 16. h5 Be7 17. Ne4 Nh8 18. h6 Ng6 19. hxg7 Kxg7 20. c4 Ba3 21. Bb2
Bxb2 22. Qxb2 Bxe4 23. Bxe4 Rac8 24. Rac1 b6 25. d5+ Kg8 26. Rfd1 Rfd8 27. Kg2
Qc5 28. Rh1 f5 29. Rxh7 e5 30. Bxf5 Kxh7 31. Qxe5 Rf8 32. Rh1+ Kg8 33. Qe6+ Rf7
34. Qxg6+ 1-0

[Event "Portugal Open 2018"]
[Site "Lisboa POR"]
[Date "2018.02.04"]
[Round "3.28"]
[White "Pérez García, Roberto"]
[Black "Nevednichy, Vladislav"]
[Result "0-1"]
[WhiteElo "2142"]
[BlackElo "2551"]
[WhiteFideId "2217708"]
[BlackFideId "1205730"]
[BlackTitle "GM"]
[WhiteCountry "ESP"]
[BlackCountry "ROU"]
[PlyCount "62"]

1. d4 Nf6 2. c4 g6 3. Nc3 Bg7 4. e4 d6 5. f3 O-O 6. Bg5 c5 7. d5 e6 8. Qd2 exd5
9. cxd5 h6 10. Be3 Nh7 11. Bd3 h5 12. Nge2 Nd7 13. O-O Ne5 14. h3 Bd7 15. a4 a6
16. f4 Nxd3 17. Qxd3 b5 18. f5 b4 19. Nd1 Re8 20. fxg6 fxg6 21. e5 Rxe5 22. Qxg6
Qe7 23. Nf4 Bf5 24. Qg3 h4 25. Qf2 Rf8 26. Qd2 Nf6 27. Bf2 Ne4 28. Qc1 Bh6 29.
Be1 Ng3 30. Bxg3 hxg3 31. Qd2 Bh7 0-1

[Event "Portugal Open 2018"]
[Site "Lisboa POR"]
[Date "2018.02.04"]
[Round "3.29"]
[White "Arizmendi Martínez, Julen Luis"]
[Black "Neto, Horácio"]
[Result "1-0"]
[WhiteElo "2508"]
[BlackElo "2139"]
[WhiteFideId "2205092"]
[BlackFideId "1900315"]
[WhiteTitle "GM"]
[WhiteCountry "ESP"]
[BlackCountry "POR"]
[PlyCount "69"]

1. e4 c5 2. Nf3 Nc6 3. Nc3 e5 4. Bc4 Be7 5. d3 Nf6 6. Nd2 d6 7. Nf1 Bg4 8. f3
Be6 9. Ne3 O-O 10. Ncd5 Rb8 11. a4 Nh5 12. Nxe7+ Nxe7 13. O-O d5 14. Bb3 Qd7 15.
g3 Nf6 16. a5 Nc6 17. Ba4 b5 18. axb6 axb6 19. c4 dxc4 20. Bxc6 Qxc6 21. dxc4
Bh3 22. Re1 Rfd8 23. Qe2 Bc8 24. Bd2 Re8 25. Bc3 Nd7 26. Red1 Nf8 27. Qd2 f6 28.
Qd6 Qxd6 29. Rxd6 Ne6 30. Nd5 b5 31. cxb5 Rxb5 32. Ra8 Kf7 33. Nb6 Ke7 34. Nxc8+
Rxc8 35. Rxe6+ 1-0

[Event "Portugal Open 2018"]
[Site "Lisboa POR"]
[Date "2018.02.04"]
[Round "3.30"]
[White "Carneiro, Carlos"]
[Black "Cawdery, Daniel"]
[Result "0-1"]
[WhiteElo "2130"]
[BlackElo "2446"]
[WhiteFideId "1900170"]
[BlackFideId "14300249"]
[WhiteTitle "NM"]
[BlackTitle "IM"]
[WhiteCountry "POR"]
[BlackCountry "RSA"]
[PlyCount "80"]

1. d4 Nf6 2. c4 g6 3. Nc3 d5 4. Bf4 Bg7 5. e3 O-O 6. Nf3 c5 7. dxc5 Ne4 8. Be5
Bxe5 9. Nxe5 Nxc3 10. bxc3 Qa5 11. Qb3 Qc7 12. Nd3 dxc4 13. Qxc4 Na6 14. Be2 Be6
15. Qb5 Bd7 16. Qc4 Qa5 17. O-O Bb5 18. Qh4 Qxc3 19. Rac1 Qd2 20. Rfd1 Qxe2 21.
Nf4 Qb2 22. Rb1 Rad8 23. Qxe7 Rxd1+ 24. Rxd1 Qc2 25. Ra1 Qxc5 26. Qxb7 Rb8 27.
Qf3 Bc6 28. Qg4 h5 29. Qg3 Qc2 30. h3 Rb1+ 31. Rxb1 Qxb1+ 32. Kh2 Qf5 33. Qh4
Qe5 34. Qd8+ Kg7 35. Kg1 Nc5 36. Qc8 Bb7 37. Qd8 Be4 38. a3 a6 39. Ne2 Ne6 40.
Qb6 Bd3 0-1

[Event "Portugal Open 2018"]
[Site "Lisboa POR"]
[Date "2018.02.04"]
[Round "3.31"]
[White "Santos, José Gulherme"]
[Black "Ding, Tze How Dilwen"]
[Result "0-1"]
[WhiteElo "2098"]
[BlackElo "2306"]
[WhiteFideId "1939300"]
[BlackFideId "5707641"]
[BlackTitle "FM"]
[WhiteCountry "POR"]
[BlackCountry "MAS"]
[PlyCount "66"]

1. e4 c5 2. Nf3 e6 3. d4 cxd4 4. Nxd4 Nc6 5. Nc3 a6 6. Be3 Nf6 7. f4 Bb4 8. Bd3
d5 9. e5 Nd7 10. O-O Bc5 11. Be2 Qb6 12. Na4 Bxd4 13. Nxb6 Bxe3+ 14. Kh1 Bxb6
15. c3 Nc5 16. Bf3 Bc7 17. b4 Nd7 18. a4 O-O 19. c4 dxc4 20. Bxc6 bxc6 21. Qf3
Bb7 22. a5 Rab8 23. Qc3 c5 24. Qxc4 Bd5 25. Qxa6 Rxb4 26. Rab1 Ra8 27. Qd3 Bxa5
28. Rxb4 Bxb4 29. Qb5 Nf8 30. Qd3 Ra2 31. Rg1 Ng6 32. Qb5 h6 33. Qe8+ Nf8 0-1

[Event "Portugal Open 2018"]
[Site "Lisboa POR"]
[Date "2018.02.04"]
[Round "3.32"]
[White "Blum, Gernot"]
[Black "Borsos, Bogdan"]
[Result "0-1"]
[WhiteElo "2028"]
[BlackElo "2301"]
[WhiteFideId "4602030"]
[BlackFideId "14100568"]
[BlackTitle "IM"]
[WhiteCountry "GER"]
[BlackCountry "UKR"]
[PlyCount "80"]

1. c4 e6 2. Nc3 d5 3. cxd5 exd5 4. d4 c5 5. Nf3 Nc6 6. e3 Nf6 7. dxc5 Bxc5 8.
Be2 O-O 9. O-O a6 10. a3 Be6 11. b4 Bd6 12. Bb2 Qe7 13. Rc1 Rad8 14. Qc2 Rc8 15.
h3 Bb8 16. Rfd1 b5 17. Bd3 h6 18. Qd2 Rfd8 19. Bb1 Qd6 20. Ne2 Ne4 21. Bxe4 dxe4
22. Qxd6 Bxd6 23. Nfd4 Bc4 24. Nxc6 Rxc6 25. Nd4 Rcc8 26. Nf5 Bf8 27. Ng3 Bd3
28. f3 Rxc1 29. Rxc1 exf3 30. gxf3 Bc4 31. Bd4 Rd6 32. Kf2 Rd5 33. Ne2 Be7 34.
f4 Rh5 35. Ng1 Bh4+ 36. Kf3 Rd5 37. Rc2 f5 38. Rg2 Rxd4 39. exd4 Bd5+ 40. Ke3
Bxg2 0-1

[Event "Portugal Open 2018"]
[Site "Lisboa POR"]
[Date "2018.02.04"]
[Round "3.33"]
[White "Godzwon, Iwo"]
[Black "Pires, Emanuel"]
[Result "1-0"]
[WhiteElo "2240"]
[BlackElo "2068"]
[WhiteFideId "21802483"]
[BlackFideId "1914715"]
[WhiteCountry "POL"]
[BlackCountry "POR"]
[PlyCount "103"]
[EventDate "2018.??.??"]

1. e4 e6 2. d4 d5 3. Nd2 Nf6 4. e5 Nfd7 5. Bd3 c5 6. c3 Nc6 7. Ne2 cxd4 8. cxd4
f6 9. exf6 Nxf6 10. Nf3 Bd6 11. O-O O-O 12. Bf4 Bxf4 13. Nxf4 Ne4 14. Qc1 Qf6
15. Ne2 Bd7 16. Qe3 Be8 17. Bxe4 dxe4 18. Nd2 Bg6 19. Nxe4 Qe7 20. a3 e5 21.
N4c3 Qf6 22. dxe5 Nxe5 23. Nd5 Qd6 24. Rad1 Rae8 25. Qg3 Qc5 26. Qc3 Qc4 27. Nc1
Qg4 28. Qg3 Qe4 29. b3 Qc2 30. Rde1 Nc6 31. Rxe8 Rxe8 32. h4 Qb2 33. Qg4 Qe5 34.
Ne3 Rf8 35. Qd7 Qb8 36. Qg4 Ne5 37. Qg5 h6 38. Qg3 Qe8 39. Nd5 Nc6 40. b4 Kh8
41. Ne2 Qxe2 42. Qxg6 Qc4 43. Qh5 Nd4 44. Ne3 Ne2+ 45. Kh2 Qc7+ 46. Kh1 Nf4 47.
Qg4 Nd3 48. Kg1 Qc3 49. Nd5 Qxa3 50. Ne7 Nf4 51. g3 Qxb4 52. Ng6+ 1-0

[Event "Portugal Open 2018"]
[Site "Lisboa POR"]
[Date "2018.02.04"]
[Round "3.34"]
[White "Apanasenok, Alexander"]
[Black "Marques, Afonso"]
[Result "1-0"]
[WhiteElo "2236"]
[BlackElo "1399"]
[WhiteFideId "4139305"]
[BlackFideId "1947184"]
[WhiteCountry "RUS"]
[BlackCountry "POR"]
[PlyCount "111"]
[EventDate "2018.??.??"]

1. Nf3 Nf6 2. b3 d5 3. Bb2 e6 4. c4 c6 5. g3 Be7 6. Bg2 Nbd7 7. O-O O-O 8. d3 b6
9. Nbd2 Bb7 10. Rc1 Rc8 11. e3 Nc5 12. Ne1 h6 13. b4 Ncd7 14. a3 Re8 15. Qe2 e5
16. e4 d4 17. Bh3 Bd6 18. Ng2 Rc7 19. f4 c5 20. b5 Nf8 21. Rf2 Bc8 22. Bxc8 Qxc8
23. f5 N8h7 24. h3 a6 25. bxa6 Qxa6 26. Qd1 Rb7 27. Rb1 Reb8 28. Bc1 Ne8 29. Ne1
Nc7 30. Nef3 b5 31. f6 Nxf6 32. Nh4 Bf8 33. cxb5 Nxb5 34. Qf3 Nd6 35. Rxb7 Rxb7
36. Kh2 Nh7 37. Nf5 Nxf5 38. exf5 Ng5 39. Qd5 Re7 40. Nc4 Qb7 41. Qxb7 Rxb7 42.
Nxe5 Nh7 43. Rb2 Ra7 44. Rb8 Nf6 45. Kg2 Nd5 46. Kf3 Re7 47. Bf4 Ra7 48. Nc4 Nf6
49. Bd6 Nh7 50. Bxc5 Rd7 51. a4 g6 52. f6 Rd5 53. Bxf8 Nxf8 54. g4 Rd7 55. a5
Ra7 56. Ke4 1-0